000 00780nam a2200253Ia 4500
003 OSt
005 20240515094728.0
008 210716s2001 xx 000 0 und d
020 _a8120311310
040 _cAIMIT LIBRARY
041 _aeng
082 _a005.73
_bBRAG
100 _aBrassard, Gilles;
_9164210
245 _aFundamentals of algorithmics /
_cby Gilles Brassard and Paul Bratley.
250 _a1st ed.
260 _aNew Delhi :
_bPrentice Hall of India ,
_c2001.
300 _axix,524 p.;
_bPB
_c24.3 cm.
650 _aElementary algorithmics
_9164211
650 _aAsymptotic notation
_9164212
650 _aAnalysis of algorithms
_9164213
650 _aGreedy algorithms
_9164214
700 _aBratley, Paul.
_9164526
942 _2ddc
_cBK
_e1st
_k005.73 BRAG
999 _c184759
_d184759